000
00305nam a2200121Ia 4500
008
191201s2010 xx 000 0 und d
100
_a
SILBERSCHATZ, Abraham
245
0
_a
Operating Systems Concepts
260
_c
2010
_b
Wiley Dreautech India
_a
N. Delhi
300
_a
972
650
_a
CSE
942
_2
ddc
_c
BB
999
_c
7720
_d
7720